| 000 | 00669nam a2200241Ia 4500 | ||
|---|---|---|---|
| 003 | OSt | ||
| 005 | 20220918220638.0 | ||
| 006 | a|||||r|||| 00| 0 | ||
| 007 | ta | ||
| 008 | 220917b |||||||| |||| 00| 0 eng d | ||
| 024 | _a146,613 | ||
| 037 | _cTextual | ||
| 040 |
_aARTS _cARTS _beng |
||
| 041 |
_2eng _aeng |
||
| 082 | _aY49.5.N7, M2 | ||
| 100 |
_aZaslavsky Victor _9137965 |
||
| 245 | 0 |
_aNeo-stalinist state _b Class ethnicity and consensus in Soviet Society |
|
| 260 |
_aGreat _bHarvester _c1982 |
||
| 300 |
_axii, 193p. _ccm. |
||
| 650 | _aSOCIOLOGY | ||
| 942 |
_hY49.5.N7, M2 _cTEXL _2CC |
||
| 999 |
_c269369 _d269369 |
||